[Event "Wch U14 Girls"]
[Site "Montesilvano"]
[Date "2023.11.18"]
[Round "6"]
[White "Alemanova, Yasmina"]
[Black "Derlich, Sarah Sima"]
[Result "1/2-1/2"]
[WhiteElo "1570"]
[BlackElo "1745"]
[PlyCount "92"]
[EventDate "2023.11.13"]
[EventType "swiss"]
[EventRounds "11"]
[EventCountry "ITA"]
[SourceTitle "CB48_2023"]
[SourceDate "2023.11.29"]
[SourceVersion "1"]
[SourceVersionDate "2023.11.29"]
[SourceQuality "1"]

1. d4 d5 2. c4 c6 3. cxd5 cxd5 4. Nc3 Nf6 5. Bf4 Nc6 6. e3 Bf5 7. Qb3 Qd7 8. Nf3 e6 9. Ne5 Qc8 10. Bb5 Nd7 11. 0-0 Be7 12. Rac1 Ndxe5 13. Bxe5 0-0 14. Na4 Qd7 15. Nc5 Bxc5 16. Rxc5 Rfc8 17. Rfc1 f6 18. Bg3 a6 19. Bxc6 Rxc6 20. Rxc6 bxc6 21. Qb6 Bd3 22. Qxc6 Qxc6 23. Rxc6 Kf7 24. h4 h5 25. Bd6 Bb5 26. Rc7+ Kg6 27. b3 Rd8 28. Bc5 Rd7 29. Rxd7 Bxd7 30. a4 Kf5 31. f3 e5 32. dxe5 Kxe5 33. Kf2 Bf5 34. Bd4+ Kd6 35. b4 Kc6 36. Kg3 Bc2 37. a5 Bd3 38. Kf4 Kd6 39. g4 hxg4 40. fxg4 Ke6 41. h5 Ke7 42. g5 fxg5+ 43. Kxg5 Kf7 44. Kf4 Kg8 45. Ke5 Bc4 46. Kf5 Kh7 1/2-1/2

[Event "Wch U14 Girls"]
[Site "Montesilvano"]
[Date "2023.11.15"]
[Round "3"]
[White "Khamdamova, Afruza"]
[Black "Alemanova, Yasmina"]
[Result "1-0"]
[WhiteElo "2199"]
[BlackElo "1570"]
[PlyCount "81"]
[EventDate "2023.11.13"]
[EventType "swiss"]
[EventRounds "11"]
[EventCountry "ITA"]
[SourceTitle "CB48_2023"]
[SourceDate "2023.11.29"]
[SourceVersion "1"]
[SourceVersionDate "2023.11.29"]
[SourceQuality "1"]

1. e4 e6 2. d4 d5 3. Nd2 c5 4. exd5 Qxd5 5. Ngf3 cxd4 6. Bc4 Qd7 7. 0-0 Nf6 8. Nb3 Nc6 9. Nbxd4 Nxd4 10. Nxd4 a6 11. Bb3 Be7 12. Re1 b5 13. a4 Bb7 14. Bg5 h6 15. Bh4 Rd8 16. c3 0-0 17. axb5 axb5 18. Qe2 b4 19. Nxe6 Qc6 20. Qf1 Ne4 21. Rxe4 Qxe4 22. Bxe7 fxe6 23. Bxd8 Rxd8 24. Re1 Qf4 25. Rxe6 Kh8 26. Qe1 Rf8 27. Re8 bxc3 28. bxc3 Bc6 29. Rxf8+ Qxf8 30. h3 Qa8 31. Qf1 Qb7 32. Qc4 Qa8 33. f3 Qa7+ 34. Kh1 Qa1+ 35. Kh2 Qa8 36. Qf4 Bd7 37. Qd6 Qc8 38. Bd5 Bf5 39. c4 Kh7 40. c5 Qe8 41. c6 1-0

[Event "Wch U14 Girls"]
[Site "Montesilvano"]
[Date "2023.11.13"]
[Round "1"]
[White "Nurgaliyeva, Zarina"]
[Black "Alemanova, Yasmina"]
[Result "1-0"]
[WhiteElo "2104"]
[BlackElo "1570"]
[PlyCount "51"]
[EventDate "2023.11.13"]
[EventType "swiss"]
[EventRounds "11"]
[EventCountry "ITA"]
[SourceTitle "CB48_2023"]
[SourceDate "2023.11.29"]
[SourceVersion "1"]
[SourceVersionDate "2023.11.29"]
[SourceQuality "1"]

1. e4 e6 2. d4 d5 3. e5 c5 4. c3 Nc6 5. Nf3 Bd7 6. Be2 Rc8 7. 0-0 Be7 8. Be3 f6 9. Nbd2 cxd4 10. cxd4 Nh6 11. Bxh6 gxh6 12. exf6 Bxf6 13. Nb3 0-0 14. Re1 Nb4 15. Bd3 Nxd3 16. Qxd3 b6 17. Nbd2 Bg7 18. Ne5 Rf5 19. Ndf3 Be8 20. Qe3 Bh5 21. g4 Bxg4 22. Nxg4 Qf8 23. Nge5 Rc2 24. Rac1 Rxb2 25. Nd7 Qe7 26. Rc8+ 1-0